Islamic economics : (Record no. 23578)
[ view plain ]
| 000 -LEADER | |
|---|---|
| fixed length control field | 01309cam a22003015a 4500 |
| 001 - CONTROL NUMBER | |
| control field | 17554160 |
| 005 - DATE AND TIME OF LATEST TRANSACTION | |
| control field | 20161215112807.0 |
| 008 - FIXED-LENGTH DATA ELEMENTS--GENERAL INFORMATION | |
| fixed length control field | 121207s2014 enka frb 001 0 eng d |
| 020 ## - INTERNATIONAL STANDARD BOOK NUMBER | |
| International Standard Book Number | 9780415519601 (set : alk. paper) |
| 020 ## - INTERNATIONAL STANDARD BOOK NUMBER | |
| International Standard Book Number | 9780415528399 (v. 1 : alk. paper) |
| 020 ## - INTERNATIONAL STANDARD BOOK NUMBER | |
| International Standard Book Number | 9780415528405 (v. 2 : alk. paper) |
| 020 ## - INTERNATIONAL STANDARD BOOK NUMBER | |
| International Standard Book Number | 9780415528412 (v. 3 : alk. paper) |
| 020 ## - INTERNATIONAL STANDARD BOOK NUMBER | |
| International Standard Book Number | 9780415528429 (v. 4 : alk. paper) |
| 040 ## - CATALOGING SOURCE | |
| Original cataloging agency | DLC |
| Language of cataloging | eng |
| Transcribing agency | DLC |
| Modifying agency | DLC |
| -- | EG-ScBUE |
| 082 04 - DEWEY DECIMAL CLASSIFICATION NUMBER | |
| Classification number | 330.088297 |
| Edition number | 22 |
| Item number | ISL |
| 130 0# - MAIN ENTRY--UNIFORM TITLE | |
| Uniform title | Islamic economics (2014) |
| 245 00 - TITLE STATEMENT | |
| Title | Islamic economics : |
| Remainder of title | critical concepts in economics / |
| Statement of responsibility, etc | edited by Shafiq Alvi and Amer Al-Roubaie. |
| 260 ## - PUBLICATION, DISTRIBUTION, ETC. (IMPRINT) | |
| Place of publication, distribution, etc | Oxon ; |
| -- | New York : |
| Name of publisher, distributor, etc | Routledge / Taylor & Francis Group, |
| Date of publication, distribution, etc | 2014. |
| 300 ## - PHYSICAL DESCRIPTION | |
| Extent | 4 v. ; |
| Other physical details | ill. ; |
| Dimensions | 24 cm. |
| 504 ## - BIBLIOGRAPHY, ETC. NOTE | |
| Bibliography, etc | Includes bibliographical references and index. |
| 505 0# - FORMATTED CONTENTS NOTE | |
| Formatted contents note | v. 1. Evolution of Islamic economics -- v. 2. Islamic economics : philolsophical foundation -- v.3. Islamic economics : theories and market structure -- v. 4. Islamic economics : micro and macro foundations. |
| 650 #7 - SUBJECT ADDED ENTRY--TOPICAL TERM | |
| Topical term or geographic name as entry element | Economics |
| General subdivision | Religious aspects |
| -- | Islam. |
| Source of heading or term | BUEsh |
| 9 (RLIN) | 33913 |
| 650 #7 - SUBJECT ADDED ENTRY--TOPICAL TERM | |
| Topical term or geographic name as entry element | Islam |
| General subdivision | Economic aspects. |
| Source of heading or term | BUEsh |
| 9 (RLIN) | 35915 |
| 653 ## - INDEX TERM--UNCONTROLLED | |
| Resource For college | BAEPS, Economics |
| Arrived date list | December2016 |
| 700 1# - ADDED ENTRY--PERSONAL NAME | |
| Personal name | Alvi, Shafiq, |
| Relator term | editor. |
| 700 1# - ADDED ENTRY--PERSONAL NAME | |
| Personal name | Al-Roubaie, Amer, |
| Relator term | editor. |
| 942 ## - ADDED ENTRY ELEMENTS (KOHA) | |
| Source of classification or shelving scheme | Dewey Decimal Classification |
| Withdrawn status | Item status | Source of classification or shelving scheme | Damaged status | Not for loan | Vendor | Home library | Current library | Shelving location | Date acquired | Source of acquisition | Cost, normal purchase price | Total Checkouts | Full call number | Barcode | Date last seen | Date last borrowed | Koha item type | Public note |
|---|---|---|---|---|---|---|---|---|---|---|---|---|---|---|---|---|---|---|
| Dewey Decimal Classification | Baccah | Central Library | Central Library | First floor | 15/12/2016 | Purchase | 11750.00 | 1 | 330.088297 ISL | 000040440 | 15/07/2025 | 17/09/2017 | NB - Book (Non borrowing) | V. 1. | ||||
| Dewey Decimal Classification | Baccah | Central Library | Central Library | First floor | 15/12/2016 | Purchase | 11750.00 | 1 | 330.088297 ISL | 000040441 | 15/07/2025 | 20/09/2017 | NB - Book (Non borrowing) | V. 2. | ||||
| Dewey Decimal Classification | Baccah | Central Library | Central Library | First floor | 15/12/2016 | Purchase | 11750.00 | 330.088297 ISL | 000040442 | 15/07/2025 | NB - Book (Non borrowing) | V. 3. | ||||||
| Dewey Decimal Classification | Baccah | Central Library | Central Library | First floor | 15/12/2016 | Purchase | 11750.00 | 330.088297 ISL | 000040443 | 15/07/2025 | NB - Book (Non borrowing) | V. 4. |